| 000 | 00761 a2200205 4500 | ||
|---|---|---|---|
| 008 | 080820t xxu||||| |||| 00| 0 eng d | ||
| 010 | _aENG-84908 | ||
| 020 |
_a8183770460 _c475.00 |
||
| 035 | _aEN-68441 | ||
| 037 | _bD.B.Act / Pub | ||
| 082 | _a370 | ||
| 100 | _aParashar, M. R. | ||
| 245 |
_aEducation and human rights _cby M. R. Parashar |
||
| 260 |
_aNew Delhi _bMahaveer and Sons _c2006 |
||
| 270 |
_a4346/4c,Ansari Road Darya Ganj _bNew Delhi _cDelhi _e110002 _k23287638 _mmahaveersons Publishers@yahoo.com |
||
| 300 |
_a170p _c22 cm (Hb) |
||
| 500 | _aIncludes index | ||
| 942 |
_adpl _cEN _k370 / PAR _2ddc _h370 _mPAR |
||
| 999 |
_c738 _d738 |
||